| 000 | 00514nam a2200121Ia 4500 | ||
|---|---|---|---|
| 008 | 220615s9999||||xx |||||||||||||| ||und|| | ||
| 100 | _aBorshchevskiy, V.||Gordeliy, V. | ||
| 245 | 0 | _aChapter Crystallization of Membrane Proteins: Merohedral Twinning of Crystals | |
| 546 | _aEnglish[eng] | ||
| 650 | _aEarth sciences, geography, environment, planning | ||
| 856 | _uhttps://library.oapen.org/bitstream/20.500.12657/48985/1/26219.pdf||https://library.oapen.org/bitstream/20.500.12657/48985/1/26219.pdf | ||
| 942 | _cEB | ||
| 999 |
_c13714 _d13714 |
||